| 000 | 00735nam a2200217Ii 4500 | ||
|---|---|---|---|
| 003 | JO-AjNU | ||
| 008 | 230605s9999||||xx |||||||||||||| ||und|| | ||
| 017 | _a1989/4/246 | ||
| 040 |
_aJO-AjNU _bara _erda _cJO-AjNU |
||
| 041 | _aara | ||
| 050 | 1 | 4 | _aPJ6184.A28 1989 |
| 100 | 3 |
_aأبو شريفة، عبد القادر؛ م.مشارك حسين لافي؛ داود غطاشة, _eauthor _97161 |
|
| 245 | 0 | 0 | _aعلم الدلالة والمعجم العربي |
| 250 | _aط1 | ||
| 264 | 3 | 1 | _aعمان: دار الفكر، 1989 |
| 300 | _a155ص | ||
| 336 |
_atext _btxt _2rdacontent |
||
| 337 |
_aunmediated _bn _2rdamedia |
||
| 338 |
_avolume _bnc _2rdacarrier |
||
| 650 | 4 |
_aاللغة العربية-الكلمات-الاصوات _97162 |
|
| 999 |
_aA138 _c3706 _d3706 |
||